000 01282nam a2200301 a 4500
005 20191224041629.0
008 140304s2000 ck abd g |||| 000 0 spa d
040 _aCO-BoIAVH
_cCO-BoIAVH
041 0 _aspa
044 _ack
082 0 4 _a354
_bC82i
110 2 _bCorporación Autónoma Regional del Centro de Antioquia
245 1 0 _aIdentificación, caracterización y valoración económica :
_bde los servicios ambientales prestados por ecosistemas localizados en el área de influencia del Valle de Aburrá /
_cCorporación Autónoma Regional del Centro de Antioquia
260 _aMedellín :
_bCorporación Autónoma Regional del Centro de Antioquia,
_c2000.
300 _a117 páginas :
_bilustraciones, mapas, gráficos ;
_c28 x 22 cm.
650 6 _aServicios ambientales
650 6 _aValoración económica
650 6 _aEcosistemas
650 6 _aEcosistemas estratégicos
650 6 _aCaracterización biológica
650 6 _aPolítica ambiental
650 6 _aManejo de ecosistemas
662 _aColombia
_cValle de Aburrá
_bAntioquia
700 1 _aAgudelo Patiño, Luis Carlos
700 1 _aVélez Escobar, Norberto
700 1 _aVazquez Franco, Dora Ligia
942 _cLIBRO
_2ddc
999 _c2254
_d2254